00000000nam 2200000za 4500
0019.536363
003CaOODSP
00520210615084323
007ta
008150406s2002||||xxc|||||     f|0| 0 fre d
020 |a0-662-66304-7
040 |aCaOODSP|bfre
041 |aeng
041 |afre
043 |an-cn---
0861 |aH13-6/2002-1
1101 |aCanada.|bSanté Canada. |bDirection générale de la politique de la santé et des communications.
24510|aLes questions pharmaceutiques / |cpar Wendy Kennedy et Robert Goyer.
260 |aOttawa - Ontario : |bSanté Canada. |c2002.
300 |aTexte français, 30p. : |bgraphiques ; |c28 cm.
4901 |aSérie de rapports de synthèse
563 |aCouverture souple
590 |a02-38|b2002-09-20
69107|aMédicament|2gcpds
69107|aRégime de soins de santé|2gcpds
7201 |aKennedy, Wendy
7201 |aGoyer, Robert
7760#|tPharmaceutical issues / |w(CaOODSP)9.572925
7760#|tLes questions pharmaceutiques / |w(CaOODSP)9.603171
791 |tPharmaceutical issues / |eeng|w(CaOODSP)9.536362
830#0|aSérie de rapports de synthèse.|w(CaOODSP)9.509389